000 00645nam a2200205Ia 4500
005 20250508161715.0
008 008 250505s9999 xx 000 0 eng d
037 _aTextual
040 _aFEDL
_beng
_cFEDL
041 _aeng
_2eng
084 _a510, PHI
_qFEDL
100 _aPhillips Jo Mckeeby and others
245 0 _aDeveloping mathematics. Four
260 _aLondon, UK
_bThe Macmillan Company
_c1971
300 _axi,380p.
490 _aThe Macmillan school mathematics program
546 _aJt. Authors:Tina Thoburn, Walter J. Sanders, J. Franklin Fitzgerald
942 _cTEXL
_h510, PHI
999 _c1371651
_d1371651